| 000 | 01235nam a22002897a 4500 | ||
|---|---|---|---|
| 001 | 1436 | ||
| 003 | CO-MdFUSB | ||
| 005 | 20180622072712.0 | ||
| 008 | 170302t2001 sp ||||| |||| 00| 0 spa d | ||
| 020 | _a84-8164-411-0 | ||
| 040 |
_aCO-MdFUSB _bspa _cCO-MdFUSB _dCO-MdFUSBC _erda |
||
| 041 | 0 | _aspa | |
| 082 | 0 | 4 | _aG 200.1 E8221r |
| 100 | 1 |
_aEstrada, Juan Antonio _eautor |
|
| 245 | 0 |
_aRazones y sinrazones de la creencia religiosa _c/ Juan Antonio Estrada _b: |
|
| 264 |
_aSagasta, Madrid, España : _b Trotta, _c2001 |
||
| 300 |
_a221 Pag. _b _c; |
||
| 336 |
_2rdacontent _atexto _btxt |
||
| 337 |
_2rdamedia _asin mediación _bn |
||
| 338 |
_2rdacarrier _avolumen _bnc |
||
| 505 | 0 | 0 | _aorigen y significado de las creencias religiosas -- las razones de la fe ante la increencia -- la ambigüedad de las imágenes de Dios -- a vueltas con la teodicea -- desde el sufrimiento, ¿encontrarse con Dio? -- creer en Dios después de Auschwitz y Hiroshima. Análisis filosófico- teológico -- ¿elogio del ateísmo y critica del cristianismo? -- Dios como problema en la sociedad contemporánea |
| 653 | _aFILOSOFÍA DE LA RELIGIÓN | ||
| 653 | _aAGNOSTICISMO | ||
| 653 | _aATEÍSMO | ||
| 653 | _aTEOLOGÍA NATURAL | ||
| 942 | _cBK | ||
| 999 |
_c32757 _d32757 |
||